header

Design, execution, and management of medical device clinical trials (Record no. 67371)

MARC details
000 -LEADER
fixed length control field 01190nam a2200301Ia 4500
082 04 - DEWEY DECIMAL CLASSIFICATION NUMBER
Classification number 610.28/4
100 1# - MAIN ENTRY--AUTHOR NAME
Personal name Abdel-aleem, Salah.
245 10 - TITLE STATEMENT
Title Design, execution, and management of medical device clinical trials
260 ## - PUBLICATION, DISTRIBUTION, ETC. (IMPRINT)
Place of publication Hoboken, N.J. :
Name of publisher John Wiley & Sons,
Year of publication c2009.
300 ## - PHYSICAL DESCRIPTION
Number of Pages xxi, 272 p.
650 #0 - SUBJECT ADDED ENTRY--TOPICAL TERM
Topical Term Medical instruments and apparatus
Topical Term Clinical trials.
856 40 - ELECTRONIC LOCATION AND ACCESS
Uniform Resource Identifier http://site.ebrary.com/lib/rucke/Doc?id=10330170

No items available.

© 2026 Rongo University
Contact us: librarian | system librarian | Rongo university